Pokémon - Les attaques de Miasmax - Statistiques

Statistiques générales
  • Ce quiz a été pris 12 fois
  • Le résultat moyen est 12 sur 19
Statistiques - réponses
Niveaux Types Noms des attaques % Correct
Niveau 43 Poison Détricanon
100%
Niveau 21 Normal Avale
88%
Niveau 12 Poison Bain de Smog
88%
Départ Normal Écras'Face
88%
Niveau 21 Normal Stockage
88%
Niveau 27 Poison Bombe Beurk
75%
Niveau 18 Poison Détritus
75%
Départ Poison Gaz Toxik
75%
Niveau 24 Normal Plaquage
75%
Niveau 30 Poison Toxik
75%
Niveau 9 Psy Amnésie
63%
Départ Normal Bélier
63%
Départ Poison Bombe Acide
63%
Niveau 33 Poison Éructation
63%
Niveau 48 Normal Explosion
50%
Départ Acier Griffe Acier
38%
Niveau 15 Poison Pics Toxik
38%
Niveau 39 Normal Balance
13%
Départ Normal Recyclage
13%
Aucun quiz correspondant
Distribution des résultats
% des personnes avec chaque résultat
Percentile par nombre de réponses
Votre historique - résultats
Vous n’avez pas pris ce quiz